000 00290nam a22001337a 4500
008 170614b xxu||||| |||| 00| 0 eng d
020 _a0881336904
041 _aeng
080 _a32
100 _a19
101 _aSHP
245 _aTHE AFRICA THAT NEVER WAS
_cHAMMOND,D
942 _2udc
_cBK
999 _c17351
_d17351